000
00299pam a2200133 a 4500
020
_c
041
_h
082
_a
917.79999999999995
_b
SCO
100
_a
Scott,M.C.
245
_a
Hartland
_h
Textual Documents
260
_a
New York
_b
John Wiley And Sons
_c
2001
300
_a
XIV/209
930
_a
9778
999
_c
116603
_d
116603